000
00286nam a2200109Ia 4500
008
210430s9999 xx 000 0 und d
020
_a
0-87849-268-2
082
_a
620.11 A2861A
245
_a
Advanced materials XI
260
_a
USA
_b
Trans tech publication ltd
_c
2009
942
_c
BK
_2
ddc
999
_c
565539
_d
565539